The China cloud : America's tragic blunder and China's rise to nuclear power

Salvato in:
Dettagli Bibliografici
Autore principale: Ryan, William L.
Natura: Libro
Lingua:Undetermined
Pubblicazione: Boston Little,Brown And Company 1968
Soggetti:
Tags: Aggiungi Tag
Nessun Tag, puoi essere il primo ad aggiungerne! !
Thư viện lưu trữ: Trung tâm Học liệu Trường Đại học Cần Thơ
LEADER 00617nam a2200205Ia 4500
001 CTU_91838
008 210402s9999 xx 000 0 und d
082 |a 301.29 
082 |b R988 
100 |a Ryan, William L. 
245 4 |a The China cloud : 
245 0 |b America's tragic blunder and China's rise to nuclear power 
245 0 |c William L. Ryan 
260 |a Boston 
260 |b Little,Brown And Company 
260 |c 1968 
650 |a Anti-communist movements,Nuclear weapons,Scientists 
650 |z United states,China 
904 |i Tuyến 
980 |a Trung tâm Học liệu Trường Đại học Cần Thơ